| 000 | 00817nam0a22002651 4500 | ||
|---|---|---|---|
| 001 | v19\rc\1672137 | ||
| 005 | 20250619013816.0 | ||
| 035 | _a(NLR Aleph) 004779474 | ||
| 090 |
_a4667549 _c4667549 |
||
| 100 | _a20061002d1893 |||y0rusy50 ca | ||
| 101 | 0 | _arus | |
| 102 | _aRU | ||
| 105 | _aa z ||||| | ||
| 200 | 1 |
_aВозделывание льна на семя и волокно _fСост. П.В. Ростовцев |
|
| 210 |
_aМосква _c"Нач. шк." Е.Н. Тихомировой _d1893 |
||
| 215 |
_a52 с., 7 ил. _d17 |
||
| 700 | 1 |
_aРостовцев _bП.В. _gПетр Васильевич _4220 |
|
| 801 | 0 |
_aRU _bNLR _gpsbo |
|
| 801 | 0 |
_aRU _bRuMoRGB _2psbo |
|
| 801 | 1 |
_aRU _bProSoft-M _2rusmarc |
|
| 852 |
_aNLR _j18.181.3.53 |
||
| 899 | _aRuMoRGB | ||
| 899 | _aБАН | ||
| 942 | _cBOOK | ||
| 980 | _aNB | ||